000 00441nam a2200181Ia 4500
005 20240823042129.0
008 240823s9999||||xx |||||||||||||| ||und||
041 _aENGLISH
082 _A629.8312 P3
100 _aBakshi U A
245 0 _aElectrical Engineering & Control systems
250 _a1st
260 _c2003
_b"Technical Pub,Ch"
500 _aTRANSFERED
650 _aElectrical
_bElectrical
942 _cBK
999 _c207143
_d207143